All songs of Fred Again.. - Statistiques

Statistiques générales
  • Ce quiz a été pris 7 fois
  • Le résultat moyen est 12 sur 78
Statistiques - réponses
Album name Date Song name % Correct
ten days 2024 ten
100%
USB 2024 leavemealone
83%
ten days 2024 places to be
67%
ten days 2024 adore u
50%
Actual Life 3 2022 Delilah (pull me out of this)
50%
ten days 2024 glow
50%
USB 2024 Jungle
50%
USB 2024 Rumble
50%
ten days 2024 backseat
33%
Actual Life 3 2022 Danielle (smile on my face)
33%
ten days 2024 fear less
33%
Actual Life (EP) 2020 Kyle (i found you)
33%
Actual Life 2021 Kyle (i found you)
33%
Actual Life 2021 Marea (we've lost dancing)
33%
USB 2024 stayinit
33%
USB 2024 Turn On The Lights again..
33%
Actual Life 2021 Angie (i've been lost)
17%
USB 2024 Baby again..
17%
Actual Life 2 2021 Billie (loving arms)
17%
Actual Life 3 2022 Clara (the night is dark)
17%
Secret Life 2023 Cmon
17%
Actual Life 2021 Dermot (see yourself in my eyes)
17%
USB 2024 flex fm (freddit)
17%
Actual Life 2 2021 Hannah (the sun)
17%
USB 2024 ItsNotREEAALLLLLLLL
17%
ten days 2024 just stand there
17%
Actual Life 2 2021 Kahan (last year)
17%
Actual Life 3 2022 Kammy (like i do)
17%
USB 2024 leavemealone - Nia Archives Remix
17%
USB 2024 Lights Out
17%
Actual Life 2021 Marnie (whish i had u)
17%
Actual Life (EP) 2020 Marnie (wish i had u)
17%
Actual Life 2021 Me (heavy)
17%
Actual Life 3 2022 Nathan (still breathing)
17%
ten days 2024 peace u need
17%
Actual Life 2 2021 Roze (forgive)
17%
Actual Life 2 2021 Tanya (maybe life)
17%
Actual Life 2 2021 Tate (how i feel)
17%
Actual Life 3 2022 Winnie (end of me)
17%
Actual Life (EP) 2020 Adam (act like)
0%
USB 2024 Admit it (u dont want 2)
0%
Actual Life 3 2022 Berwyn (all that i got is you)
0%
USB 2024 BerwynGesaffNeighbours
0%
Actual Life 2021 Big Hen (steal my joy)
0%
Actual Life 3 2022 Bleu (better this time)
0%
Actual Life 2021 Carlos (make it thru)
0%
Actual Life 2 2021 Catrin (the city)
0%
Secret Life 2023 Chest
0%
Actual Life (EP) 2020 Chika (scared)
0%
Secret Life 2023 Come on Home
0%
Secret Life 2023 Enough
0%
Actual Life 3 2022 Eyelar (shutter)
0%
Actual Life 2 2021 Faisal (envelops me)
0%
Secret Life 2023 Follow
0%
Actual Life 2 2021 Gigi (what you went through)
0%
Secret Life 2023 I Saw You
0%
ten days 2024 i saw you
0%
Actual Life 2021 Julia (deep living)
0%
USB 2024 Jungle - Rico Nasty Remix
0%
Actual Life 3 2022 Kelly (end of a nighmare)
0%
Actual Life (EP) 2020 Kyren (My Son)
0%
USB 2024 Lights Out (feat.Fred again..) - HAAi Remix
0%
Actual Life 2021 Lydia (please make it better)
0%
Actual Life 2 2021 Marco (and everyone)
0%
Actual Life (EP) 2020 Me (sorry)
0%
Actual Life 2 2021 Mollie (hear your name)
0%
Actual Life 3 2022 Mustafa (time to move you)
0%
Secret Life 2023 Pause
0%
USB 2024 places to be - CLIPS remix
0%
USB 2024 places to be - Messie remix
0%
Secret Life 2023 Radio
0%
Actual Life 2021 Sabrina (i am a party)
0%
Secret Life 2023 Safety
0%
Secret Life 2023 Secret
0%
Actual Life 2 2021 Tayla (every night)
0%
Secret Life 2023 Trying
0%
ten days 2024 where will i be
0%
Actual Life 2021 Yashminah (see your face)
0%
Aucun quiz correspondant
Distribution des résultats
% des personnes avec chaque résultat
Percentile par nombre de réponses
Votre historique - résultats
Vous n’avez pas pris ce quiz